000
00269nam a2200109Ia 4500
005
20251222114406.0
008
251222s1900||||xx |||||||||||||| ||spa||
082
_a
DVD0070/P43/2004/Ej.2
245
0
_a
Nineteen Eighty-Four:1984
264
_b
20th Century Fox
942
_c
DVD
999
_c
1845
_d
1845